00620nam a2200181 i 4500001000300000100001900003245009300022260001900115700003100134040000800165041000800173080003300181942000700214008004100221999001700262856009800279952006100377bg1 aCYUNEL, Bogdan 0aOrganizacja i zarządzanie w drogownictwie /cBogdan Cyunel, Halina Banach-Paszkiewicz. aKielce,c1982.1 aBANACH-PASZKIEWICZ, Halina cBPK apol a625.7/.8:65.01:519.8](075.8) cKS s pl f |000 0 pol  c22102d22102 uhttp://koha.tu.koszalin.pl/cgi-bin/koha/opac-detail.pl?biblionumber=22102yKatalog online BPK 00104070aBPKbBPKcwo31057p01575576s2018-11-06yKS